000 00595nam a2200217Ia 4500
005 20250923145106.0
008 008 250917s9999 xx 000 0 eng d
037 _aTextual
040 _aDSWL
_beng
_cDSWL
041 _aeng
_2eng
084 _aY31:7.7.2575ok:N4, K7
_qDSWL
100 _aScarfe
_9831718
245 0 _aMouthful of petals
_cby Scarfe
260 _aLondon
_bHeinemann
_c1967
300 _ax,120 p.
365 _aINR
_b35
700 _aScarfe
_9831718
925 _g35
942 _cTEXL
_hY31:7.7.2575ok:N4, K7
999 _c1446987
_d1446987